00726cam a22002297a 450000500170000000800410001701000100005801100100006803500100007808200140008810000270010224500700012926000420019930000110024159000410025259000420029365000270033590100070036294900540036994900560042399900170047920220329141218.0971010s1981 r 00010 d a64476 a65448 a72208 a633.2bA900aAyerza, Ricardo.9900413aEl buffel grassb: utilidad y manejo de una promisoria gramínea aBuenos Aires :bHemisferio sur,c1981 a139 p. aBATCH-UPDb10c20130110lUCH01h0907 aCONVERSIONb10c20130109lUCH01h133514aZacate Buffel.9123395 aBK a633.2 A9bZAcLIBROd-4898eLIBROh5258i72208si a633.8849 A9bZcLIBROd-26664eLIBROh286i72208si c64476d64476